Spanish Subjunctive Past Irregular Verbs - Statistics

General Stats
  • This quiz has been taken 8 times
    7 since last reset
  • The average score is 92 of 180
Answer Stats
Hint Answer % Correct
Poner - Pusiera o Pusiese- Pusieras o Pusieses - Pusiera o Pusiese - Pusiéramos o Pusiésemos - Pusierais o Pusieseis - Pusieran o Pusiesen
100%
Andar - Anduviera o Anduviese- Anduvieras o Anduvieses - Anduviera o Anduviese - Anduviéramos o Anduviésemos - Anduvierais o Anduvieseis - Anduvieran o Anduviesen
83%
Anteponer - Antepusiera o Antepusiese- Antepusieras o Antepusieses - Antepusiera o Antepusiese - Antepusiéramos o Antepusiésemos - Antepusierais o Antepusieseis - Antepusieran o Antepusiesen
83%
Dar - Diera o Diese- Dieras o Dieses - Diera o Diese - Diéramos o Diésemos - Dierais o Dieseis - Dieran o Diesen
83%
Tener - Tuviera o Tuviese- Tuvieras o Tuvieses - Tuviera o Tuviese - Tuviéramos o Tuviésemos - Tuvierais o Tuvieseis - Tuvieran o Tuviesen
83%
Abstraer - Abstrajera o Abstrajese- Abstrajeras o Abstrajeses - Abstrajera o Abstrajese - Abstrajéramos o Abstrajésemos - Abstrajerais o Abstrajeseis - Abstrajeran o Abstrajesen
67%
Asentir - Asintiera o Asintiese- Asintieras o Asintieses - Asintiera o Asintiese - Asintiéramos o Asintiésemos - Asintierais o Asintieseis - Asintieran o Asintiesen
67%
Atraer - Atrajera o Atrajese- Atrajeras o Atrajeses - Atrajera o Atrajese - Atrajéramos o Atrajésemos - Atrajerais o Atrajeseis - Atrajeran o Atrajesen
67%
Bendecir - Bendijera o Bendijese- Bendijeras o Bendijeses - Bendijera o Bendijese - Bendijéramos o Bendijésemos - Bendijerais o Bendijeseis - Bendijeran o Bendijesen
67%
Bienquerer - Bienquisiera o Bienquisiese- Bienquisieras o Bienquisieses - Bienquisiera o Bienquisiese - Bienquisiéramos o Bienquisiésemos - Bienquisierais o Bienquisieseis - Bienquisieran o Bienquisiesen
67%
Decir - Dijera o Dijese- Dijeras o Dijeses - Dijera o Dijese - Dijéramos o Dijésemos - Dijerais o Dijeseis - Dijeran o Dijesen
67%
Fluir - Fluyera o Fluyese- Fluyeras o Fluyeses - Fluyera o Fluyese - Fluyéramos o Fluyésemos - Fluyerais o Fluyeseis - Fluyeran o Fluyesen
67%
Ir | Ser - Fuera o Fuese- Fueras o Fueses - Fuera o Fuese - Fuéramos o Fuésemos - Fuerais o Fueseis - Fueran o Fuesen
67%
Hacer - Hiciera o Hiciese- Hicieras o Hicieses - Hiciera o Hiciese - Hiciéramos o Hiciésemos - Hicierais o Hicieseis - Hicieran o Hiciesen
67%
Herir - Hiriera o Hiriese- Hirieras o Hirieses - Hiriera o Hiriese - Hiriéramos o Hiriésemos - Hirierais o Hirieseis - Hirieran o Hiriesen
67%
Haber - Hubiera o Hubiese- Hubieras o Hubieses - Hubiera o Hubiese - Hubiéramos o Hubiésemos - Hubierais o Hubieseis - Hubieran o Hubiesen
67%
Impedir - Impidiera o Impidiese- Impidieras o Impidieses - Impidiera o Impidiese - Impidiéramos o Impidiésemos - Impidierais o Impidieseis - Impidieran o Impidiesen
67%
Imponer - Impusiera o Impusiese- Impusieras o Impusieses - Impusiera o Impusiese - Impusiéramos o Impusiésemos - Impusierais o Impusieseis - Impusieran o Impusiesen
67%
Inferir - Infiriera o Infiriese- Infirieras o Infirieses - Infiriera o Infiriese - Infiriéramos o Infiriésemos - Infirierais o Infirieseis - Infirieran o Infiriesen
67%
Influir - Influyera o Influyese- Influyeras o Influyeses - Influyera o Influyese - Influyéramos o Influyésemos - Influyerais o Influyeseis - Influyeran o Influyesen
67%
Interferir - Interfiriera o Interfiriese- Interfirieras o Interfirieses - Interfiriera o Interfiriese - Interfiriéramos o Interfiriésemos - Interfirierais o Interfirieseis - Interfirieran o Interfiriesen
67%
Intervenir - Interviniera o Interviniese- Intervinieras o Intervinieses - Interviniera o Interviniese - Interviniéramos o Interviniésemos - Intervinierais o Intervinieseis - Intervinieran o Interviniesen
67%
Leer - Leyera o Leyese- Leyeras o Leyeses - Leyera o Leyese - Leyéramos o Leyésemos - Leyerais o Leyeseis - Leyeran o Leyesen
67%
Maldecir - Maldijera o Maldijese- Maldijeras o Maldijeses - Maldijera o Maldijese - Maldijéramos o Maldijésemos - Maldijerais o Maldijeseis - Maldijeran o Maldijesen
67%
Malquerer - Malquisiera o Malquisiese- Malquisieras o Malquisieses - Malquisiera o Malquisiese - Malquisiéramos o Malquisiésemos - Malquisierais o Malquisieseis - Malquisieran o Malquisiesen
67%
Mantener - Mantuviera o Mantuviese- Mantuvieras o Mantuvieses - Mantuviera o Mantuviese - Mantuviéramos o Mantuviésemos - Mantuvierais o Mantuvieseis - Mantuvieran o Mantuviesen
67%
Medir - Midiera o Midiese- Midieras o Midieses - Midiera o Midiese - Midiéramos o Midiésemos - Midierais o Midieseis - Midieran o Midiesen
67%
Morir - Muriera o Muriese- Murieras o Murieses - Muriera o Muriese - Muriéramos o Muriésemos - Murierais o Murieseis - Murieran o Muriesen
67%
Obtener - Obtuviera o Obtuviese- Obtuvieras o Obtuvieses - Obtuviera o Obtuviese - Obtuviéramos o Obtuviésemos - Obtuvierais o Obtuvieseis - Obtuvieran o Obtuviesen
67%
Pedir - Pidiera o Pidiese- Pidieras o Pidieses - Pidiera o Pidiese - Pidiéramos o Pidiésemos - Pidierais o Pidieseis - Pidieran o Pidiesen
67%
Querer - Quisiera o Quisiese- Quisieras o Quisieses - Quisiera o Quisiese - Quisiéramos o Quisiésemos - Quisierais o Quisieseis - Quisieran o Quisiesen
67%
Reír - Riera o Riese- Rieras o Rieses - Riera o Riese - Riéramos o Riésemos - Rierais o Rieseis - Rieran o Riesen
67%
Sentir - Sintiera o Sintiese- Sintieras o Sintieses - Sintiera o Sintiese - Sintiéramos o Sintiésemos - Sintierais o Sintieseis - Sintieran o Sintiesen
67%
Venir - Viniera o Viniese- Vinieras o Vinieses - Viniera o Viniese - Viniéramos o Viniésemos - Vinierais o Viniereis - Vinieran o Viniesen
67%
Adherir - Adhiriera o Adhiriese- Adhirieras o Adhiriese - Adhiriera o Adhiriese - Adhiriéramos o Adhiriésemos - Adhirierais o Adhirieseis - Adhirieran o Adhiriesen
50%
Advertir - Advirtiera o Advirtiese- Advirtieras o Advirtieses - Advirtiera o Advirtiese - Advirtiéramos o Advirtiésemos - Advirtierais o Advirtieseis - Advirtieran o Advirtiesen
50%
Afluir - Afluyera o Afluyese- Afluyeras o Afluyeses - Afluyera o Afluyese - Afluyéramos o Afluyésemos - Afluyerais o Afluyeseis - Afluyeran o Afluyesen
50%
Caer - Cayera o Cayese- Cayeras o Cayeses - Cayera o Cayese - Cayéramos o Cayésemos - Cayerais o Cayeseis - Cayeran Cayesen
50%
Competir - Compitiera o Compitiese- Compitieras o Compitieses - Compitiera o Compitiese - Compitiéramos o Compitiésemos - Compitierais o Compitieseis - Compitieran o Compitiesen
50%
Componer - Compusiera o Compusiese- Compusieras o Compusieses - Compusiera o Compusiese - Compusiéramos o Compusiésemos - Compusierais o Compusieseis - Compusieran o Compusiesen
50%
Concebir - Concibiera o Concibiese- Concibieras o Concibieses - Concibiera o Concibiese - Concibiéramos o Concibiésemos - Concibierais o Concibieseis - Concibieran o Concibiesen
50%
Concluir - Concluyera o Concluyese- Concluyeras o Concluyeses - Concluyera o Concluyese - Concluyéramos o Concluyésemos - Concluyerais o Concluyeseis - Concluyeran o Concluyesen
50%
Conducir - Condujera o Condujese- Condujeras o Condujeses - Condujera o Condujese - Condujéramos o Condujésemos - Condujerais o Condujeseis - Condujeran o Condujesen
50%
Conferir - Confiriera o Confiriese- Confirieras o Confirieses - Confiriera o Confiriese - Confiriéramos o Confiriésemos - Confirierais o Confirieseis - Confirieran o Confiriesen
50%
Confluir - Confluyera o Confluyese- Confluyeras o Confluyera - Confluyera o Confluyese - Confluyéramos o Confluyésemos - Confluyerais o Confluyeseis - Confluyeran o Confluyesen
50%
Conseguir - Consiguiera o Consiguiese- Consiguieras o Consiguieses - Consiguiera o Consiguiese - Consiguiéramos o Consiguiésemos - Consiguierais o Consiguieseis - Consiguieran o Consiguiesen
50%
Consentir - Consintiera o Consintiese- Consintieras o Consintieses - Consintiera o Consintiese - Consintiéramos o Consintiésemos - Consintierais o Consintieseis - Consintieran o Consintiesen
50%
Constituir - Constituyera o Constituyese- Constituyeras o Constituyeses - Constituyera o Constituyese - Constituyéramos o Constituyésemos - Constituyerais o Constituyeseis - Constituyeran o Constituyesen
50%
Construir - Construyera o Construyese- Construyeras o Construyeses - Construyera o Construyese - Construyéramos o Construyésemos - Construyerais o Construyeseis - Construyeran o Construyesen
50%
Contradecir - Contradijera o Contradijese- Contradijeras o Contradijese - Contradijera o Contradijese - Contradijéramos o Contradijésemos - Contradijerais o Contradijeseis - Contradijeran o Contradijesen
50%
Contraer - Contrajera o Contrajese- Contrajeras o Contrajeses - Contrajera o Contrajese - Contrajéramos o Contrajésemos - Contrajerais o Contrajeseis - Contrajeran o Contrajesen
50%
Contraponer - Contrapusiera o Contrapusiese- Contrapusieras o Contrapusieses - Contrapusiera o Contrapusiese - Contrapusiéramos o Contrapusiésemos - Contrapusierais o Contrapusieseis - Contrapusieran o Contrapusiesen
50%
Contener - Contuviera o Contuviese- Contuvieras o Contuvieses - Contuviera o Contuviese - Contuviéramos o Contuviésemos - Contuvierais o Contuvieseis - Contuvieran o Contuviesen
50%
Convertir - Convirtiera o Convirtiese- Convirtieras o Convirtieses - Convirtiera o Convirtiese - Convirtiéramos o Convirtiésemos - Convirtierais o Convirtieseis - Convirtieran o Convirtiesen
50%
Corregir - Corrigiera o Corrigiese- Corrigieras o Corrigieses - Corrigiera o Corrigiese - Corrigiéramos o Corrigiésemos - Corrigierais o Corrigieseis - Corrigieran o Corrigiesen
50%
Creer - Creyera o Creyese- Creyeras o Creyeses - Creyera o Creyese - Creyéramos o Creyésemos - Creyerais o Creyeseis - Creyeran o Creyesen
50%
Caber - Cupiera o Cupiese- Cupieras o Cupieses - Cupiera o Cupiese - Cupiéramos o Cupiésemos - Cupierais o Cupieseis - Cupieran o Cupiesen
50%
Decaer - Decayera o Decayeras - Decayeras o Decayeses - Decayera o Decayese - Decayéramos o Decayésemos - Decayerais o Decayeseis - Decayeran o Decayesen
50%
Deconstruir - Deconstruyera o Deconstruyese- Deconstruyeras o Deconstruyeses - Deconstruyera o Deconstruyese - Deconstruyéramos o Deconstruyésemos - Deconstruyerais o Deconstruyeseis - Deconstruyeran o Deconstruyesen
50%
Deducir - Dedujera o Dedujese- Dedujeras o Dedujeses - Dedujera o Dedujese - Dedujéramos o Dedujésemos - Dedujerais o Dedujeseis - Dedujeran o Dedujesen
50%
Deponer - Depusiera o Depusiese- Depusieras o Depusieses - Depusiera o Depusiese - Depusiéramos o Depusiésemos - Depusierais o Depusieseis - Depusieran o Depusiesen
50%
Derretir - Derritiera o Derritiese- Derritieras o Derritieses - Derritiera o Derritiese - Derritiéramos o Derritiésemos - Derritierais o Derritieseis - Derritieran o Derritiesen
50%
Derruir - Derruyera o Derruyese- Derruyeras o Derruyeses - Derruyera o Derruyese - Derruyéramos o Derruyésemos - Derruyerais o Derruyeseis - Derruyeran o Derruyesen
50%
Desandar - Desanduviera o Desanduviese- Desanduvieras o Desanduvieses - Desanduviera o Desanduviese - Desanduviéramos o Desanduviésemos - Desanduvierais o Desanduvieseis - Desanduvieran o Desanduviesen
50%
Descomponer - Descompusiera o Descompusiese- Descompusieras o Descompusieses - Descompusiera o Descompusiese - Descompusiéramos o Descompusiesemos - Descompusierais o Descompusieseis - Descompusieran o Descompusiesen
50%
Desdecir - Desdijera o Desdijese- Desdijeras o Desdijeses - Desdijera o Desdijese - Desdijéramos o Desdinéresenos - Desdijerais o Desdijeseis - Desdijeran o Desdijesen
50%
Deshacer - Deshiciera o Deshiciese- Deshicieras o Deshicieses - Deshiciera o Deshiciese - Deshiciéramos o Deshiciésemos - Deshicierais o Deshicieseis - Deshicieran o Deshiciesen
50%
Despedir - Despidiera o Despidiese- Despidieras o Despidieses - Despidiera o Despidiese - Despidiéramos o Despidiésemos - Despidierais o Despidieseis - Despidieran o Despidiesen
50%
Destruir - Destruyera o Destruyese- Destruyeras o Destruyeses - Destruyera o Destruyese - Destruyéramos o Destruyésemos - Destruyerais o Destruyeseis - Destruyeran o Destruyesen
50%
Desvestir - Desvistiera o Desvistiese- Desvistieras o Desvistieses - Desvistiera o Desvistiese - Desvistiéramos o Desvistiésemos - Desvistierais o Desvistieseis - Desvistieran o Desvistiesen
50%
Detraer - Detrajera o Detrajese- Detrajeras o Detrajeses - Detrajera o Detrajese - Detrajéramos o Detrajésemos - Detrajerais o Detrajeseis - Detrajeran o Detrajesen
50%
Detener - Detuviera o Detuviese- Detuvieras o Detuvieses - Detuviera o Detuviese - Detuviéramos o Detuviésemos - Detuvierais o Detuvieseis - Detuvieran o Detuviesen
50%
Diferir - Difiriera o Difiriese- Difirieras o Difirieses - Difiriera o Difiriese - Difiriéramos o Difiriésemos - Difirierais o Difirieseis - Difirieran o Difiriesen
50%
Digerir - Digiriera o Digiriese- Digirieras o Digirieses - Digiriera o Digiriese - Digiriéramos o Digiriésemos - Digirierais o Digirieseis - Digirieran o Digiriesen
50%
Diluir - Diluyera o Diluyese- Diluyeras o Diluyeses - Diluyera o Diluyese - Diluyéramos o Diluyésemos - Diluyerais o Diluyeseis - Diluyeran o Diluyesen
50%
Disentir - Disintiera o Disintiese- Disintieras o Disintieses - Disintiera o Disintiese - Disintiéramos o Disintiésemos - Disintierais o Disintieseis - Disintieran o Disintiesen
50%
Disponer - Dispusiera o Dispusiese- Dispusieras o Dispusieses - Dispusiera o Dispusiese - Dispusiéramos o Dispusiésemos - Dispusierais o Dispusieseis - Dispusieran o Dispusiesen
50%
Distraer - Distrajera o Distrajese- Distrajeras o Distrajeses - Distrajera o Distrajese - Distrajéramos o Distrajésemos - Distrajerais o Distrajeseis - Distrajeran o Distrajesen
50%
Divertir - Divirtiera o Divirtiese- Divirtieras o Divirtieses - Divirtiera o Divirtiese - Divirtiéramos o Divirtiésemos - Divirtierais o Divirtieseis - Divirtieran o Divirtiesen
50%
Dormir - Durmiera o Durmiese- Durmieras o Durmieses - Durmiera o Durmiese - Durmiéramos o Durmiésemos - Durmierais o Durmieseis - Durmieran o Durmiesen
50%
Elegir - Eligiera o Eligiese- Eligieras o Eligieses - Eligiera o Eligiese - Eligiéramos o Eligiésemos - Eligierais o Eligieseis - Eligieran o Eligiesen
50%
Embestir - Embistiera o Embistiese- Embistieras o Embistieses - Embistiera o Embistiese - Embistiéramos o Embistiésemos - Embistierais o Embistieseis - Embistieran o Embistiesen
50%
Entreoír - Entreoyera o Entreoyese- Entreoyeras o Entreoyeses - Entreoyera o Entreoyese - Entreoyéramos o Entreoyésemos - Entreoyerais o Entreoyeseis - Entreoyeran o Entreoyesen
50%
Entretener - Entretuviera o Entretuviese- Entretuvieras o Entretuvieses - Entretuviera o Entretuviese - Entretuviéramos o Entretuviésemos - Entretuvierais o Entretuvieseis - Entretuvieran o Entretuviesen
50%
Escabullir - Escabullera o Escabullese- Escabulleras o Escabulleses - Escabullera o Escabullese - Escabulléramos o Escabullésemos - Escabullerais o Escabulleseis - Escabulleran o Escabullesen
50%
Estar - Estuviera o Estuviese- Estuvieras o Estuvieses - Estuviera o Estuviese - Estuviéramos o Estuviésemos - Estuvierais o Estuvieseis - Estuvieran o Estuviesen
50%
Excluir - Excluyera o Excluyese- Excluyeras o Excluyeses - Excluyera o Excluyese - Excluyéramos Excluyésemos - Excluyerais o Excluyeseis - Excluyeran o Excluyesen
50%
Expedir - Expidiera o Expidiese- Expidieras o Expidieses - Expidiera o Expidiese - Expidiéramos o Expidiésemos - Expidierais o Expidieseis - Expidieran o Expidiesen
50%
Exponer - Expusiera o Expusiese- Expusieras o Expusieses - Expusiera o Expusiese - Expusiéramos o Expusiésemos - Expusierais o Expusieseis - Expusieran o Expusiesen
50%
Extraer - Extrajera o Extrajese- Extrajeras o Extrajeses - Extrajera o Extrajese - Extrajéramos o Extrajésemos - Extrajerais o Extrajeseis - Extrajeran o Extrajesen
50%
Freír - Friera o Friese- Frieras o Frieses - Friera o Friese - Friéramos o Friésemos - Frierais o Frieseis - Frieran o Friesen
50%
Gemir - Gimiera o Gimiese- Gimieras o Gimieses - Gimiera o Gimiese - Gimiéramos o Gimiésemos - Gimierais o Gimieseis - Gimieran o Gimiesen
50%
Henchir - Hinchiera o Hinchiese- Hinchieras o Hinchieses - Hinchiera o Hinchiese - Hiciéramos o Hiciésemos - Hinchierais o Hinchieseis - Hinchieran o Hinchiesen
50%
Hervir - Hirviera o Hirviese- Hirvieras o Hirvieses - Hirviera o Hirviese - Hirviéramos o Hirviésemos - Hirvierais o Hirvieseis - Hirvieran o Hirviesen
50%
Incluir - Incluyera o Incluyese- Incluyeras o Incluyeses - Incluyera o Incluyese - Incluyéramos o Incluyésemos - Incluyerais o Incluyeseis - Incluyeran o Incluyesen
50%
Inducir - Indujera o Indujese- Indujeras o Indujeses - Indujera o Indujese - Indujéramos o Indujésemos - Indujerais o Indujeseis - Indujeran o Indujesen
50%
Ingerir - Ingiriera o Ingiriese- Ingirieras o Ingirieses - Ingiriera o Ingiriese - Ingiriéramos o Ingiriésemos - Ingirierais o Ingirieseis - Ingirieran o Ingiriesen
50%
Instituir - Instituyera o Instituyese- Instituyeras o Instituyeses - Instituyera o Instituyese - Instituyéramos o Instituyésemos - Instituyerais o Instituyeseis - Instituyeran o Instituyesen
50%
Instruir - Instruyera o Instruyese- Instruyeras o Instruyeses - Instruyera o Instruyese - Instruyéramos o Instruyésemos - Instruyerais o Instruyeseis - Instruyeran o Instruyesen
50%
Introducir - Introdujera o Introdujese- Introdujeras o Introdujeses - Introdujera o Introdujeses - Introdujéramos o Introdujésemos - Introdujerais o Introdujeseis - Introdujeran o Introdujesen
50%
Invertir - Invirtiera o Invirtiese- Invirtieras o Invirtieses - Invirtiera o Invirtiese - Invirtiéramos o Invirtiésemos - Invirtierais o Invirtieseis - Invirtieran o Invirtiesen
50%
Mullir - Mullera o Mullese- Mulleras o Mulleses - Mullera o Mullese - Mulléramos o Mullésemos - Mullerais o Mulleseis - Mulleran o Mullesen
50%
Obstruir - Obstruyera o Obstruyese- Obstruyeras o Obstruyeses - Obstruyera o Obstruyese - Obstruyéramos o Obstruyésemos - Obstruyerais o Obstruyeseis - Obstruyeran o Obstruyesen
50%
Oponer - Opusiera o Opusiese- Opusieras o Opusieses - Opusiera o Opusiese - Opusiéramos o Opusiésemos - Opusierais o Opusieseis - Opusieran o Opusiesen
50%
Oír - Oyera o Oyese- Oyeras o Oyeses - Oyera o Oyese - Oyéramos o Oyésemos - Oyerais o Oyeseis - Oyeran o Oyesen
50%
Perseguir - Persiguiera o Persiguiese- Persiguieras o Persiguieses - Persiguiera o Persiguiese - Persiguiéramos o Persiguiésemos - Persiguierais o Persiguieseis - Persiguieran o Persiguiesen
50%
Poseer - Poseyera o Poseyese- Poseyeras o Poseyeses - Poseyera o Poseyese - Poseyéramos o Poseyésemos - Poseyerais o Poseyeseis - Poseyeran o Poseyesen
50%
Preconcebir - Preconcibiera o Preconcibiese- Preconcibieras o Preconcibieses - Preconcibiera o Preconcibiese - Preconcibiéramos o Preconcibiésemos - Preconcibierais o Preconcibieseis - Preconcibieran o Preconcibiesen
50%
Predecir - Predijera o Predijese- Predijeras o Predijeses - Predijera o Predijese - Predijéramos o Predijésemos - Predijerais o Predijeseis - Predijeran o Predijesen
50%
Presentir - Presintiera o Presintiese- Presintieras o Presintieses - Presintiera o Presintiese - Presintiéramos o Presintiésemos - Presintierais o Presintieseis - Presintieran o Presintiesen
50%
Presuponer - Presupusiera o Presupusiese- Presupusieras o Presupusieses - Presupusiera o Presupusiese - Presupusiéramos o Presupusiésemos - Presupusierais o Presupusieseis - Presupusieran o Presupusiesen
50%
Prevenir - Previniera o Previniese- Previnieras o Previnieses - Previniera o Previniese - Previniéramos o Previniésemos - Previnierais o Previnieseis - Previnieran o Previniesen
50%
Producir - Produjera o Produjese- Produjeras o Produjeses - Produjera o Produjese - Produjéramos o Produjésemos - Produjerais o Produjeseis - Produjeran o Produjesen
50%
Proponer - Propusiera o Propusiese- Propusieras o Propusieses - Propusiera o Propusiese - Propusiéramos o Propusiésemos - Propusierais o Propusieseis - Propusieran o Propusiesen
50%
Proseguir - Prosiguiera o Prosiguiese- Prosiguieras o Prosiguieses - Prosiguiera o Prosiguiese - Prosiguiéramos o Prosiguiésemos - Prosiguierais o Prosiguieseis - Prosiguieran o Prosiguiesen
50%
Prostituir - Prostituyera o Prostituyese- Prostituyeras o Prostituyeses - Prostituyera o Prostituyese - Prostituyéramos o Prostituyésemos - Prostituyerais o Prostituyeseis - Prostituyeran o Prostituyesen
50%
Poder - Pudiera o Pudiese- Pudieras o Pudieses - Pudiera o Pudiese - Pudiéramos o Pudiésemos - Pudierais o Pudieseis - Pudieran o Pudiesen
50%
Recaer - Recayera o Recayese- Recayeras o Recayeses - Recayera o Recayese - Recayéramos o Recayésemos - Recayerais o Recayeseis - Recayeran o Recayesen
50%
Reconstruir - Reconstruyera o Reconstruyese- Reconstruyeras o Reconstruyeses - Reconstruyera o Reconstruyese - Reconstruyéramos o Reconstruyésemos - Reconstruyerais o Reconstruyeseis - Reconstruyeran o Reconstruyesen
50%
Reducir - Redujera o Redujese- Redujeras o Redujeses - Redujera o Redujese - Redujéramos o Redujésemos - Redujerais o Redujeseis - Redujeran o Redujesen
50%
Rehacer - Rehiciera o Rehiciese- Rehicieras o Rehicieses - Rehiciera o Rehiciese - Rehiciéramos o Rehiciésemos - Rehicierais o Rehicieseis - Rehicieran o Rehiciesen
50%
Reproducir - Reprodujera o Reprodujese- Reprodujeras o Reprodujeses - Reprodujera o Reprodujese - Reprodujéramos o Reprodujésemos - Reprodujerais o Reprodujeseis - Reprodujeran o Reprodujesen
50%
Requerir - Requiriera o Requiriese- Requirieras o Requirieses - Requiriera o Requiriese - Requiriéramos o Requiriésemos - Requirierais o Requirieseis - Requirieran o Requiriesen
50%
Restituir - Restituyera o Restituyese- Restituyeras o Restituyeses - Restituyera o Restituyese - Restituyéramos o Restituyésemos - Restituyerais o Restituyeseis - Restituyeran o Restituyesen
50%
Retraer - Retrajera o Retrajese- Retrajeras o Retrajeses - Retrajera o Retrajese - Retrajéramos o Retrajésemos - Retrajerais o Retrajeseis - Retrajeran o Retrajesen
50%
Retrotraer - Retrotrajera o Retrotrajese- Retrotrajeras o Retrotrajeses - Retrotrajera o Retrotrajese - Retrotrajéramos o Retrotrajésemos - Retrotrajerais o Retrotrajeseis - Retrotrajeran o Retrotrajesen
50%
Retener - Retuviera o Retuviese- Retuvieras o Retuvieses - Retuviera o Retuviese - Retuviéramos o Retuviésemos - Retuvierais o Retuvieseis - Retuvieran o Retuviesen
50%
Revertir - Revirtiera o Revirtiese- Revirtieras o Revirtieses - Revirtiera o Revirtiese - Revirtiéramos o Revirtiésemos - Revirtierais o Revirtieseis - Revirtieran o Revirtiesen
50%
Regir - Rigiera o Rigiese- Rigieras o Rigieses - Rigiera o Rigiese - Rigiéramos o Rigiésemos - Rigierais o Rigieseis - Rigieran o Rigiesen
50%
Rendir - Rindiera o Rindiese- Rindieras o Rindieses - Rindiera o Rindiese - Rindiéramos o Rindiésemos - Rindierais o Rindieseis - Rindieran o Rindiesen
50%
Seducir - Sedujera o Sedujese- Sedujeras o Sedujeses - Sedujera o Sedujese - Sedujéramos o Sedujésemos - Sedujerais o Sedujeseis - Sedujeran o Sedujesen
50%
Seguir - Siguiera o Siguiese- Siguieras o Siguieses - Siguiera o Siguiese - Siguiéramos o Siguiésemos - Siguierais o Siguieseis - Siguieran o Siguiesen
50%
Servir - Sirviera o Sirviese- Sirvieras o Sirvieses - Sirviera o Sirviese - Sirviéramos o Sirviésemos - Sirvierais o Sirvieseis - Sirvieran o Sirviesen
50%
Sobreponer - Sobrepusiera o Sobrepusiese- Sobrepusieras o Sobrepusieses - Sobrepusiera o Sobrepusiese - Sobrepusiéramos o Sobrepusiésemos - Sobrepusierais o Sobrepusieseis - Sobrepusieran o Sobrepusiesen
50%
Sobrevenir - Sobreviniera o Sobreviniese- Sobrevinieras o Sobrevinieses - Sobreviniera o Sobreviniese - Sobreviniéramos o Sobreviniésemos - Sobrevinierais o Sobrevinieseis - Sobrevinieran o Sobreviniesen
50%
Sonreír - Sonriera o Sonriese- Sonrieras o Sonrieses - Sonriera o Sonriese - Sonriéramos o Sonriésemos - Sonrierais o Sonrieseis - Sonrieran o Sonriesen
50%
Sostener - Sostuviera o Sostuviese- Sostuvieras o Sostuvieses - Sostuviera o Sostuviese - Sostuviéramos o Sostuviésemos - Sostuvierais o Sostuvieseis - Sostuvieran o Sostuviesen
50%
Subvertir - Subvirtiera o Subvirtiese- Subvirtieras o Subvirtieses - Subvirtiera o Subvirtiese - Subvirtiéramos o Subvirtiésemos - Subvirtierais o Subvirtieseis - Subvirtieran o Subvirtiesen
50%
Sugerir - Sugiriera o Sugiriese- Sugirieras o Sugirieses - Sugiriera o Sugiriese - Sugiriéramos o Sugiriésemos - Sugirierais o Sugirieseis - Sugirieran o Sugiriesen
50%
Superponer - Superpusiera o Supusiese- Superpusieras o Superpusieses - Superpusiera o Superpusiese - Superpusiéramos o Superpusiésemos - Superpusierais o Superpusieseis - Superpusieran o Superpusiesen
50%
Saber - Supiera o Supiese- Supieras o Supieses - Supiera o Supiese - Supiéramos o Supiésemos - Supierais o Supieseis - Supieran o Supiesen
50%
Suponer - Supusiera o Supusiese- Supusieras o Supusieses - Supusiera o Supusiese - Supusiéramos o Supusiésemos - Supusierais o Supusieseis - Supusieran o Supusiesen
50%
Sustituir - Sustituyera o Sustituyese- Sustituyeras o Sustituyeses - Sustituyera o Sustituyese - Sustituyéramos o Sustituyésemos - Sustituyerais o Sustituyeseis - Sustituyeran o Sustituyesen
50%
Sustraer - Sustrajera o Sustrajese- Sustrajeras o Sustrajeses - Sustrajera o Sustrajese - Sustrajéramos o Sustrajésemos - Sustrajerais o Sustrajeseis - Sustrajeran o Sustrajesen
50%
Traducir - Tradujera o Tradujese- Tradujeras o Tradujeses - Tradujera o Tradujese - Tradujéramos o Tradujésemos - Tradujerais o Tradujeseis - Tradujeran o Tradujesen
50%
Transferir - Transfiriera o Transfiriese- Transfirieras o Transfirieses - Transfiriera o Transfiriese - Transfiriéramos o Transfiriésemos - Transfirierais o Transfirieseis - Transfirieran o Transfiriesen
50%
Vestir - Vistiera o Vistiese- Vistieras o Vistiese - Vistiera o Vistiese - Vistiéramos o Vistiésemos - Vistierais o Vistieseis - Vistieran o Vistiesen
50%
Yuxtaponer - Yuxtapusiera o Yuxtapusiese- Yuxtapusieras o Yuxtapusieses - Yuxtapusiera o Yuxtapusiese - Yuxtapusiéramos o Yuxtapusiésemos - Yuxtapusierais o Yuxtapusieseis - Yuxtapusieran o Yuxtapusiesen
50%
Atener - Atuviera o Atuviese- Atuvieras o Atuvieses - Atuviera o Atuviese - Atuviéramos o Atuviésemos - Atuvierais o Atuvieseis - Atuvieran o Atuviesen
33%
Bruñir - Bruñera o Bruñese- Bruñeras o Bruñeses - Bruñera o Bruñese - Bruñéramos o Bruñésemos - Bruñerais o Bruñeseis - Bruñeran o Bruñesen
33%
Ceñir - Ciñera o Ciñese- Ciñeras o Ciñeses - Ciñera o Ciñese - Ciñéramos o Ciñésemos - Ciñerais o Ciñeseis - Ciñeran o Ciñesen
33%
Colegir - Coligiera o Coligiese- Coligieras o Coligieses - Coligiera o Coligiese - Coligáramos o Coligiésemos - Coligarais o Coligieseis - Coligieran o Coligiesen
33%
Constreñir - Constriñera o Constriñese- Constriñeras o Constriñeses - Constriñera o Constriñese - Constriñéramos o Constriñésemos - Constriñerais o Constriñeseis - Constriñeran o Constriñesen
33%
Desceñir - Desciñera o Desciñese- Desciñeras o Desciñeses - Desciñera o Desciñese - Desciñéramos o Desciñésemos - Desciñerais o Desciñeseis - Desciñeran o Desciñesen
33%
Desleír - Desliera o Desliese- Deslieras o Deslieses - Desliera o Desliese - Desliéramos o Desliésemos - Deslierais o Deslieseis - Deslieran o Desliesen
33%
Destituir - Destituyera o Destituyese- Destituyeras o Destituyeses - Destituyera o Destituyese - Destituyéramos o Destituyésemos - Destituyerais o Destituyeseis - Destituyeran o Destituyesen
33%
Desvaír - Desvayera o Desvayese- Desvayeras o Desvayeses - Desvayera o Desvayese - Desvayéramos o Desvayésemos - Desvayerais o Desvayeseis - Desvayeran o Desvayesen
33%
Estatuir - Estatuyera o Estatuyese- Estatuyeras o Estatuyeses - Estatuyera o Estatuyese - Estatuyéramos Estatuyésemos - Estatuyerais o Estatuyeseis - Estatuyeran o Estatuyesen
33%
Estreñir - Estriñera o Estriñese- Estriñeras o Estriñeses - Estriñera o Estriñese - Estriñéramos o Estriñésemos - Estriñerais o Estriñeseis - Estriñeran o Estriñesen
33%
Gruñir - Gruñera o Gruñese- Gruñeras o Gruñeses - Gruñera o Gruñese - Gruñéramos o Gruñésemos - Gruñerais o Gruñeseis - Gruñeran o Gruñesen
33%
Intuir - Intuyera o Intuyese- Intuyeras o Intuyeses - Intuyera o Intuyese - Intuyéramos o Intuyésemos - Intuyerais o Instruyeseis - Intuyeran o Intuyesen
33%
Mentir - Mintiera o Mintiese- Mintieras o Mintieses - Mintiera o Mintiese - Mintiéramos o Mintiésemos - Mintierais o Mintieseis - Mintieran o Mintiesen
33%
Ocluir - Ocluyera o Ocluyese- Ocluyeras o Ocluyeses - Ocluyera o Ocluyese - Ocluyéramos o Ocluyésemos - Ocluyerais o Ocluyeseis - Ocluyeran o Ocluyesen
33%
Preferir - Prefiriera o Prefiriese- Prefirieras o Prefirieses - Prefiriera o Prefiriese - Prefiriéramos o Prefiriésemos - Prefirierais o Prefirieseis - Prefirieran o Prefiriesen
33%
Proferir - Profiriera o Profiriese- Profirieras o Profirieses - Profiriera o Profiriese - Profiriéramos o Profiriésemos - Profirierais o Profirieseis - Profirieran o Profiriesen
33%
Proveer - Proveyera o Proveyese- Proveyeras o Proveyeses - Proveyera o Proveyese - Proveyéramos o Proveyésemos - Proveyerais o Proveyeseis - Proveyeran o Proveyesen
33%
Recluir - Recluyera o Recluyese- Recluyeras o Recluyeses - Recluyera o Recluyese - Recluyéramos o Recluyésemos - Recluyerais o Recluyeseis - Recluyeran o Recluyesen
33%
Referir - Refiriera o Refiriese- Refirieras o Refirieses - Refiriera o Refiriese - Refiriéramos o Refiriésemos - Refirierais o Refirieseis - Refirieran o Refiriesen
33%
Repetir - Repitiera o Repitiese- Repitieras o Repitieses - Repitiera o Repitiese - Repitiéramos o Repitiésemos - Repitierais o Repitieseis - Repitieran o Repitiesen
33%
Reñir - Riñera o Riñese- Riñeras o Riñeses - Riñera o Riñese - Riñéramos o Riñésemos - Riñerais o Riñeseis - Riñeran o Riñesen
33%
Satisfacer - Satisficiera o Satisficiese- Satisficieras o Satisficieses - Satisficiera o Satisficiese - Satisficiéramos o Satisficiésemos - Satisficierais o Satisficieseis - Satisficieran o Satisficiesen
33%
Sobreseer - Sobreseyera o Sobreseyese- Sobreseyeras o Sobreseyeses - Sobreseyera o Sobreseyese - Sobreseyéramos o Sobreseyésemos - Sobreseyerais o Sobreseyeseis - Sobreseyeran o Sobreseyesen
33%
Sofreír - Sofriera o Sofriese- Sofrieras o Sofrieses - Sofriera o Sofriese - Sofriéramos o Sofriésemos - Sofrierais o Sofrieseis - Sofrieran o Sofriesen
33%
Tañer - Tañera o Tañese- Tañeras o Tañeses - Tañera o Tañese - Tañéramos o Tañésemos - Tañerais o Tañeseis - Tañeran o Tañesen
33%
Teñir - Tiñera o Tiñese- Tiñeras o Tiñeses - Tiñera o Tiñese - Tiñéramos o Tiñésemos - Tiñerais o Tiñeseis - Tiñeran o Tiñesen
33%
Tullir - Tullera o Tullese- Tulleras o Tulleses - Tullera o Tullese - Tulléramos o Tullésemos - Tullerais o Tulleseis - Tulleran o Tullesen
33%
Zaherir - Zahiriera o Zahiriese- Zahirieras o Zahirieses - Zahiriera o Zahiriese - Zahiriéramos o Zahiriésemos - Zahirierais o Zahirieseis - Zahirieran o Zahiriesen
33%
Zambullir - Zambullera o Zambullese- Zambulleras o Zambulleses - Zambullera o Zambullese - Zambulléramos o Zambullésemos - Zambullerais o Zambulleseis - Zambulleran o Zambullesen
33%
Pervertir - Pervirtiera o Pervirtiese- Pervirtieras o Pervirtieses - Pervirtiera o Pervirtiese - Pervirtiéramos o Pervirtiésemos - Pervirtierais o Pervirtieseis - Pervirtieran o Pervirtiesen
17%
No matching quizzes found
Score Distribution
Percent of People with Each Score
Percentile by Number Answered
Your Score History
You have not taken this quiz since the last reset